| 000 | 00764nam a22001815i 4500 | ||
|---|---|---|---|
| 001 | 173937 | ||
| 003 | ES-MaACL | ||
| 005 | 20260127062553.0 | ||
| 008 | 100201s1900 sp |||| | spa d | ||
| 100 | 1 |
_aLlanos y Torriglia, Félix de, _d1868-1949 _972719 |
|
| 245 | 1 | 0 | _aDiscurso leído por el secretario general Félix de Llanos y Torriglia en la sesión inaugural del curso de 1900-901 celebrada el 17 de noviembre de 1900. |
| 260 |
_aMadrid : _b[s.n.], _c1900 ( _fImp. de los Hijos de M. G. Hernández) |
||
| 300 |
_a59 p. ; _c25 cm. |
||
| 594 | _aPrecede al tít:: Real Academia de Jurisprudencia y Legislación. | ||
| 700 |
_aReal Academia de Jurisprudencia y Legislación de España _9217612 |
||
| 852 |
_aES-MaACL _jT-983-F-11 |
||
| 999 |
_c173937 _d173937 |
||